000 00431nam a2200145Ia 4500
008 220216s9999 xx 000 0 und d
100 _aNadarajah M
245 0 _aInfluence of processing conditions on volatile matter (VM) content of pale crepe
260 _bRubber Research Institute of Sri Lanka Bulletin
_c1983
300 _a14-Dec
650 _aPale crepe
650 _aVolatile matter
700 _aPerera D C
942 _cJS
999 _c61296
_d61296